[Event "Sparkassen-Open B"]
[Site "Heusenstamm, Martinsee"]
[Date "2022.11.18"]
[Round "3.29"]
[White "Wöhl, Torsten"]
[Black "Mut, Friedrich"]
[Result "1/2-1/2"]
[WhiteElo "1515"]
[BlackElo "1678"]
[PlyCount "58"]
[EventDate "2022.??.??"]
[WhiteTeam "SC Groß-Zimmern"]
[BlackTeam "SC Sulzbach"]

1. d4 d5 2. Nc3 Nf6 3. Bf4 e6 4. Nb5 Na6 5. e3 c6 6. Nc3 Nc7 7. Bd3 Bd6 8. Bxd6
Qxd6 9. e4 dxe4 10. Bxe4 Nxe4 11. Nxe4 Qb4+ 12. c3 Qxb2 13. Nd6+ Ke7 14. Nxc8+
Raxc8 15. Ne2 Qa3 16. O-O b5 17. Qd2 f6 18. Nf4 Nd5 19. Rfc1 Nxf4 20. Qxf4 Qd6
21. Qg4 g6 22. a4 Rc7 23. h4 Kf7 24. h5 g5 25. Re1 Re8 26. Re3 Qf4 27. Qe2 a6
28. Re1 Qd6 29. Qc2 Kg8 1/2-1/2

[Event "Sparkassen-Open B"]
[Site "Heusenstamm, Martinsee"]
[Date "2022.11.18"]
[Round "3.30"]
[White "Spelleken, Hans-Gerd"]
[Black "Kuchta, Maksim"]
[Result "1-0"]
[WhiteElo "1678"]
[BlackElo "1430"]
[PlyCount "59"]
[EventDate "2022.??.??"]
[WhiteTeam "SC Kahl"]
[BlackTeam "SC Heusenstamm"]

1. Nf3 d5 2. d4 Nf6 3. c4 Bf5 4. cxd5 Nxd5 5. Nc3 e6 6. Qb3 Nxc3 7. bxc3 Be4 8.
Nd2 Bc6 9. e4 Nd7 10. Bd3 Nb6 11. O-O Be7 12. Nf3 O-O 13. a4 a5 14. Ne5 Qe8 15.
Nxc6 Qxc6 16. f3 Bf6 17. Bb5 Qd6 18. Ba3 Bxd4+ 19. cxd4 Qxd4+ 20. Kh1 Rfd8 21.
Rad1 Qf6 22. Rxd8+ Rxd8 23. Bb2 Qg5 24. Qc3 c6 25. Bc1 Qg6 26. Qxa5 cxb5 27.
Qxb6 Rb8 28. Bf4 Re8 29. Qxb5 Re7 30. Bd6 1-0

[Event "Sparkassen-Open B"]
[Site "Heusenstamm, Martinsee"]
[Date "2022.11.18"]
[Round "3.31"]
[White "Drewes, Thomas"]
[Black "Kosak, Karolina"]
[Result "1/2-1/2"]
[WhiteElo "1676"]
[BlackElo "1396"]
[PlyCount "51"]
[EventDate "2022.??.??"]
[WhiteTeam "SV Würzburg von 1865"]
[BlackTeam "SV Frankfurt Nord 1926"]

1. d4 d5 2. Nf3 Nf6 3. c4 e6 4. e3 Be7 5. Nc3 O-O 6. b3 c5 7. dxc5 dxc4 8. Qxd8
Rxd8 9. Bxc4 Bxc5 10. O-O Nc6 11. Bb2 b6 12. Rad1 Bb7 13. Be2 Rac8 14. a3 Bf8
15. b4 Ne7 16. h3 Ned5 17. Nxd5 Nxd5 18. Rc1 Be7 19. Rfd1 Rxc1 20. Rxc1 Rc8 21.
Rxc8+ Bxc8 22. b5 Nc7 23. a4 Bc5 24. Be5 Nd5 25. e4 Nb4 26. Nd2 1/2-1/2

[Event "Sparkassen-Open B"]
[Site "Heusenstamm, Martinsee"]
[Date "2022.11.18"]
[Round "3.32"]
[White "Michalski, Uwe"]
[Black "Fettig, Konrad"]
[Result "0-1"]
[WhiteElo "1671"]
[BlackElo "1528"]
[PlyCount "96"]
[EventDate "2022.??.??"]
[WhiteTeam "Sfr.Mainz 1928"]
[BlackTeam "SC ML Kastellaun"]

1. e4 c5 2. g3 d6 3. Bg2 Nc6 4. d3 e5 5. f4 Nf6 6. f5 d5 7. Bg5 Be7 8. Bxf6
Bxf6 9. Nc3 d4 10. Nd5 Bg5 11. Nf3 Bh6 12. O-O Bxf5 13. Nxe5 Be6 14. Nxc6 bxc6
15. Nf4 Bxf4 16. gxf4 O-O 17. f5 Bd7 18. Qg4 f6 19. b3 Qc7 20. a4 a5 21. Rf3
Be8 22. Rh3 g5 23. Re1 h5 24. Rxh5 Bxh5 25. Qxh5 Qh7 26. Qxh7+ Kxh7 27. e5 fxe5
28. Rxe5 Kg7 29. Rxc5 Ra6 30. Be4 Kf6 31. Kg2 Re8 32. Kg3 Re5 33. Rxe5 Kxe5 34.
Kg4 Kf6 35. h4 gxh4 36. Kxh4 c5 37. Kg4 Ra7 38. Kf3 Rg7 39. Ke2 Ke5 40. Kd2 Rh7
41. Kc1 Rh2 42. Kb2 Rf2 43. Kc1 Kf4 44. Kb2 Ke3 45. Kb1 Kd2 46. b4 cxb4 47. Bd5
Rxf5 48. Bb3 Kc3 0-1

[Event "Sparkassen-Open B"]
[Site "Heusenstamm, Martinsee"]
[Date "2022.11.18"]
[Round "3.33"]
[White "Laux, Filip"]
[Black "Wibmer, Michael"]
[Result "0-1"]
[WhiteElo "1446"]
[BlackElo "1670"]
[PlyCount "68"]
[EventDate "2022.??.??"]
[WhiteTeam "VSG 1880 Offenbach"]
[BlackTeam "SV Gifhorn"]

1. e4 c5 2. Nf3 d6 3. g3 Nc6 4. Bg2 g6 5. O-O Bg7 6. Re1 e6 7. c3 Nge7 8. d3
O-O 9. Nbd2 Rb8 10. Nf1 b5 11. Qc2 b4 12. Bd2 Qc7 13. Ne3 Ba6 14. Nc4 bxc3 15.
Bxc3 e5 16. Ne3 Nb4 17. Bxb4 Rxb4 18. Nd2 Rfb8 19. Rab1 Bh6 20. Ndc4 Bc8 21.
Rf1 Be6 22. Rfe1 Nc6 23. b3 Nd4 24. Qb2 R4b7 25. Nc2 Nc6 26. Re2 a5 27. Qc3 a4
28. N2a3 Nd4 29. Reb2 axb3 30. axb3 Rxb3 31. Qe1 Rxb2 32. Rxb2 Rxb2 33. Nxb2
Qb7 34. Nbc4 Qb3 0-1

[Event "Sparkassen-Open B"]
[Site "Heusenstamm, Martinsee"]
[Date "2022.11.18"]
[Round "3.34"]
[White "Lasschuit, Rene"]
[Black "Gärtner, Johannes"]
[Result "1-0"]
[WhiteElo "1660"]
[BlackElo "1402"]
[PlyCount "41"]
[EventDate "2022.??.??"]
[WhiteTeam "SV Berolina Mitte"]
[BlackTeam "Sfr.Mainz 1928"]

1. Nf3 d5 2. g3 c5 3. Bg2 Nc6 4. d4 e6 5. O-O Nf6 6. c4 dxc4 7. Qa4 cxd4 8.
Nxd4 Qxd4 9. Bxc6+ Bd7 10. Rd1 Bxc6 11. Qxc6+ bxc6 12. Rxd4 Rd8 13. Rxc4 Rc8
14. Nc3 Bd6 15. Nb5 Bb8 16. Be3 a6 17. Nd4 Be5 18. Rac1 c5 19. Rxc5 Rxc5 20.
Rxc5 Nd5 21. Rc8+ 1-0

[Event "Sparkassen-Open B"]
[Site "Heusenstamm, Martinsee"]
[Date "2022.11.18"]
[Round "3.35"]
[White "Klein, Simon"]
[Black "Homfeldt, Maren"]
[Result "1-0"]
[WhiteElo "1378"]
[BlackElo "1104"]
[PlyCount "141"]
[EventDate "2022.??.??"]
[WhiteTeam "SK Hungen"]
[BlackTeam "SC Noris-Tarrasch Nürnberg"]

1. d4 b6 2. Bf4 f6 3. e4 h5 4. Nf3 g5 5. Be3 d6 6. Nc3 Bg4 7. h3 Bxf3 8. gxf3
c6 9. f4 gxf4 10. Bxf4 h4 11. Bc4 Nh6 12. Be6 Nf7 13. Rg1 Rh7 14. Qe2 b5 15.
Nxb5 Qa5+ 16. Nc3 Qb4 17. O-O-O Nd7 18. Bd2 Qb6 19. Qc4 Rb8 20. Bxf7+ Rxf7 21.
b3 c5 22. dxc5 dxc5 23. Nd5 Qc6 24. f4 Nb6 25. Nxb6 axb6 26. Bc3 b5 27. Qd5
Qxd5 28. Rxd5 c4 29. e5 e6 30. Rd2 b4 31. Bd4 cxb3 32. axb3 f5 33. Rg6 Be7 34.
Rxe6 Rb5 35. Rc6 Rd5 36. Bf2 Rxd2 37. Kxd2 Rg7 38. Rh6 Rg2 39. Ke3 Bc5+ 40. Kd3
Rxf2 41. Rxh4 Rf3+ 42. Kc4 Rc3+ 43. Kd5 Be7 44. Rh5 Rc5+ 45. Ke6 Rxc2 46. Rh8+
Bf8 47. Kxf5 Rc3 48. Kf6 Rxb3 49. e6 Re3 50. f5 b3 51. Rg8 b2 52. Rg1 Be7+ 53.
Kg7 Rf3 54. Rb1 Rg3+ 55. Kh7 Rxh3+ 56. Kg6 Rg3+ 57. Kh7 Rg2 58. Rf1 Bf6 59. Rd1
Rg7+ 60. Kh6 Bg5+ 61. Kxg7 Bd8 62. f6 Bxf6+ 63. Kxf6 b1=Q 64. Rxb1 Kd8 65. Kf7
Kc7 66. e7 Kd6 67. e8=Q Kc7 68. Rd1 Kb7 69. Qd7+ Kb6 70. Rc1 Ka5 71. Qb7 1-0

[Event "Sparkassen-Open B"]
[Site "Heusenstamm, Martinsee"]
[Date "2022.11.18"]
[Round "3.36"]
[White "Heller, Holger"]
[Black "Pichl, Johann"]
[Result "1/2-1/2"]
[WhiteElo "1648"]
[BlackElo "1414"]
[PlyCount "113"]
[EventDate "2022.??.??"]
[WhiteTeam "TuS Dotzheim"]
[BlackTeam "SK Bad Homburg 1927"]

1. d4 d5 2. c4 e6 3. Nc3 Nf6 4. Bg5 Be7 5. Nf3 O-O 6. e3 Nbd7 7. cxd5 exd5 8.
Bd3 c6 9. O-O Re8 10. Re1 Ne4 11. Bxe7 Qxe7 12. Nd2 f5 13. f3 Nxc3 14. bxc3 Nf6
15. Qc2 g6 16. Re2 Bd7 17. Rae1 Qf7 18. c4 Kg7 19. e4 fxe4 20. fxe4 dxe4 21.
Nxe4 Nxe4 22. Bxe4 Qf6 23. Qb2 Rab8 24. Bf3 b6 25. Qd2 Rxe2 26. Rxe2 Re8 27.
Rxe8 Bxe8 28. d5 c5 29. d6 Bd7 30. h3 Qd4+ 31. Qxd4+ cxd4 32. Kf2 Kf6 33. g4
Ke5 34. Ke2 Kxd6 35. Kd3 Ke5 36. Bd5 g5 37. a3 Be8 38. Be4 a5 39. Bxh7 Bc6 40.
Bf5 Bg2 41. Bd7 Bxh3 42. Ke2 Bg2 43. Kd2 Bf3 44. Kd3 Kf4 45. Kxd4 Bxg4 46. Bc6
Bf3 47. Bd7 g4 48. Bxg4 Bxg4 49. c5 bxc5+ 50. Kxc5 a4 51. Kb4 Bd1 52. Kc3 Ke3
53. Kb2 Kd2 54. Kb1 Kc3 55. Ka1 Kb3 56. Kb1 Kxa3 57. Ka1 1/2-1/2

[Event "Sparkassen-Open B"]
[Site "Heusenstamm, Martinsee"]
[Date "2022.11.18"]
[Round "3.37"]
[White "Goodwin, David"]
[Black "Belin, Anton"]
[Result "1-0"]
[WhiteElo "1497"]
[BlackElo "1495"]
[PlyCount "65"]
[EventDate "2022.??.??"]
[WhiteTeam "SV 1920 Kelsterbach"]
[BlackTeam "SK Bad Homburg 1927"]

1. Nf3 Nf6 2. g3 g6 3. Bg2 Bg7 4. d3 d6 5. Nbd2 Nc6 6. O-O O-O 7. e4 b6 8. Re1
Bb7 9. d4 Nd7 10. c3 f5 11. Ng5 Qc8 12. exf5 Rxf5 13. Qb3+ Kh8 14. Nf7+ Rxf7
15. Qxf7 e5 16. Bh3 Ncb8 17. dxe5 dxe5 18. Nc4 Qd8 19. Bf4 Nf6 20. Bxe5 Bd5 21.
Rad1 Nc6 22. Bxf6 Bxf7 23. Bxd8 Bxc4 24. Re8+ Bf8 25. Rxf8+ Kg7 26. Rf4 Nxd8
27. Rd7+ Bf7 28. Rxc7 g5 29. Rf5 Kg6 30. f4 h6 31. Re5 Bxa2 32. Bg2 Bf7 33.
Bxa8 1-0

[Event "Sparkassen-Open B"]
[Site "Heusenstamm, Martinsee"]
[Date "2022.11.18"]
[Round "3.38"]
[White "Özyar, Arin"]
[Black "Friedel, Thomas"]
[Result "0-1"]
[WhiteElo "1353"]
[BlackElo "1622"]
[PlyCount "70"]
[EventDate "2022.??.??"]
[WhiteTeam "SC Bad Soden"]
[BlackTeam "SV Groß-Gerau"]

1. d4 d5 2. Bf4 Nf6 3. Nc3 c6 4. e3 e6 5. Nf3 Bb4 6. a3 Ba5 7. Bd3 Nbd7 8. O-O
O-O 9. Bg5 Bc7 10. e4 dxe4 11. Nxe4 h6 12. Bh4 Bf4 13. Re1 Qb6 14. Nc3 Qc7 15.
Qe2 b6 16. Ne5 Bxe5 17. dxe5 Nh7 18. Qe4 g6 19. Qe3 Kg7 20. Nd1 Bb7 21. f4 Rfe8
22. Nf2 b5 23. g4 Qb6 24. Qg3 c5 25. f5 g5 26. f6+ Kh8 27. Bxh7 gxh4 28. Qd3
Red8 29. Bg6 Nxe5 30. Qe3 Nf3+ 31. Kf1 Nxh2+ 32. Kg1 Nf3+ 33. Kf1 Ng5 34. Bh5
Qc6 35. Ke2 Qg2 0-1

[Event "Sparkassen-Open B"]
[Site "Heusenstamm, Martinsee"]
[Date "2022.11.18"]
[Round "3.39"]
[White "Carvelli, Nicolas"]
[Black "Englert, Lin"]
[Result "0-1"]
[WhiteElo "1412"]
[BlackElo "1466"]
[PlyCount "94"]
[EventDate "2022.??.??"]
[WhiteTeam "SF Seligenstadt"]
[BlackTeam "TV-Großostheim"]

1. b3 d5 2. Bb2 c5 3. e3 a6 4. Nf3 Nc6 5. Be2 Bf5 6. O-O e6 7. c4 dxc4 8. Bxc4
b5 9. Be2 Nf6 10. Ne5 Nxe5 11. Bxe5 Bd6 12. Bb2 O-O 13. d4 Qc7 14. h3 Rad8 15.
Bd3 Bxd3 16. Qxd3 cxd4 17. exd4 Bb4 18. Rc1 Qb6 19. Qf3 Rc8 20. Na3 Rfd8 21.
Qf4 Qa5 22. Nb1 Nd5 23. Qg3 Bd2 24. Nxd2 Qxd2 25. Rcb1 Nc3 26. Bxc3 Rxc3 27.
Rd1 Qxd1+ 28. Rxd1 Rxg3 29. fxg3 Kf8 30. Kf2 Rc8 31. Ke3 Rc2 32. Rd2 Rxd2 33.
Kxd2 Ke7 34. Kd3 Kd6 35. Kd2 Kd5 36. Kd3 b4 37. Ke3 g5 38. h4 h6 39. Kd3 f6 40.
Ke3 g4 41. Kd3 h5 42. Ke3 e5 43. dxe5 fxe5 44. Kd3 e4+ 45. Ke3 Ke5 46. Ke2 Kd4
47. Kd2 e3+ 0-1

[Event "Sparkassen-Open B"]
[Site "Heusenstamm, Martinsee"]
[Date "2022.11.18"]
[Round "3.40"]
[White "Lee, Kwan Ho Matthew"]
[Black "Schmitz, Bernhard Hubert"]
[Result "1-0"]
[WhiteElo "1606"]
[BlackElo "1375"]
[PlyCount "42"]
[EventDate "2022.??.??"]
[WhiteTeam "SV Oberursel"]
[BlackTeam "Vorw.Orient Mainz"]

1. d4 Nf6 2. c4 e6 3. Nf3 b6 4. g3 Bb7 5. Bg2 c6 6. Nc3 d5 7. cxd5 cxd5 8. O-O
Nbd7 9. Bf4 a6 10. Ne5 Nxe5 11. Bxe5 Bc6 12. Rc1 Qd7 13. Bxf6 gxf6 14. e4 Be7
15. Re1 Ra7 16. exd5 exd5 17. Qf3 O-O 18. Qh5 Bb4 19. Bh3 Qd8 20. Bf5 Re8 21.
Qxh7+ Kf8 1-0

[Event "Sparkassen-Open B"]
[Site "Heusenstamm, Martinsee"]
[Date "2022.11.18"]
[Round "3.41"]
[White "Matsoukas, Konstantinos"]
[Black "Gerhard, Dominik"]
[Result "0-1"]
[WhiteElo "1108"]
[BlackElo "1593"]
[PlyCount "111"]
[EventDate "2022.??.??"]
[WhiteTeam "Frankfurter TV 1860"]
[BlackTeam "SV Oberursel"]

1. e4 d5 2. exd5 Qxd5 3. Nc3 Qa5 4. Nf3 Nf6 5. d4 Bf5 6. Bd2 e6 7. a3 Nbd7 8.
Ne4 Qb6 9. Nxf6+ Nxf6 10. b3 Be7 11. c4 c5 12. Be3 Rd8 13. b4 cxb4 14. Qa4+ Nd7
15. c5 Qc7 16. axb4 a6 17. Be2 O-O 18. O-O Nb8 19. Ne5 Bf6 20. Bf4 Rxd4 21. Ng6
Rxf4 22. Nxf4 Bxa1 23. Nxe6 Bxe6 24. Qxa1 Nc6 25. Qc3 Qf4 26. b5 axb5 27. Bxb5
Qb4 28. Qxb4 Nxb4 29. Rb1 Nc6 30. Be2 Bc8 31. f4 g6 32. Kf2 Re8 33. Bf3 Kf8 34.
Rb6 Nd4 35. Bxb7 Bxb7 36. Rxb7 Rc8 37. Ke3 Nf5+ 38. Ke4 Rxc5 39. Rb8+ Kg7 40.
g4 Nd6+ 41. Kd4 Ra5 42. Rb6 Ra4+ 43. Kd5 Ne8 44. Ke5 Ra5+ 45. Kd4 Nf6 46. g5
Nh5 47. Ke3 Ra4 48. Rb7 Nxf4 49. Kf3 Ne6 50. Rb3 Nxg5+ 51. Kg2 f5 52. Rb7+ Kh6
53. Rb3 Ra7 54. h4 Ne4 55. Re3 Kh5 56. Kh3 0-1

[Event "Sparkassen-Open B"]
[Site "Heusenstamm, Martinsee"]
[Date "2022.11.18"]
[Round "3.42"]
[White "Burow, Roger"]
[Black "Shanawaz Thabrez, Shahzaib"]
[Result "1-0"]
[WhiteElo "1598"]
[BlackElo "1159"]
[PlyCount "141"]
[EventDate "2022.??.??"]
[WhiteTeam "SV 1920 Kelsterbach"]
[BlackTeam "SK Langen"]

1. e4 e5 2. Bc4 Nc6 3. Nf3 Bc5 4. d3 Nf6 5. Bg5 h6 6. Bh4 d6 7. c3 g5 8. Bg3 a6
9. h3 b5 10. Bb3 Bb7 11. Nbd2 Qe7 12. a4 b4 13. Nc4 bxc3 14. bxc3 Nd8 15. Qc2
Ne6 16. O-O O-O 17. Rfe1 Nh5 18. Bh2 Kh8 19. Rad1 f6 20. Na5 Rab8 21. Nxb7 Rxb7
22. Bd5 Rbb8 23. Qa2 Nef4 24. d4 exd4 25. cxd4 Bb4 26. Re3 c5 27. Bc4 cxd4 28.
Nxd4 Qd7 29. Bxa6 Bc5 30. Bb5 Qc7 31. Ree1 Bxd4 32. Rxd4 Qc3 33. Rdd1 Qa5 34.
Qd2 Qxd2 35. Rxd2 Rfd8 36. Kh1 Ng7 37. Bxf4 gxf4 38. f3 f5 39. Rd5 fxe4 40.
Rxe4 Rf8 41. Kh2 Rf6 42. Red4 Ne6 43. Rd2 Nc7 44. Rxd6 Rxd6 45. Rxd6 Nxb5 46.
axb5 Rxb5 47. Rxh6+ Kg7 48. Re6 Kf7 49. Ra6 Rb4 50. h4 Rb5 51. Kh3 Kg7 52. Re6
Kf7 53. Re4 Rf5 54. Kg4 Ra5 55. Kxf4 Kf6 56. g4 Ra8 57. g5+ Kg6 58. Kg4 Ra1 59.
h5+ Kg7 60. Kf5 Ra5+ 61. Re5 Ra3 62. f4 Ra8 63. h6+ Kh7 64. Re7+ Kh8 65. g6 Rb8
66. Kg5 Rc8 67. f5 Rb8 68. Re5 Ra8 69. f6 Rb8 70. f7 Rb5 71. f8=R# 1-0

[Event "Sparkassen-Open B"]
[Site "Heusenstamm, Martinsee"]
[Date "2022.11.18"]
[Round "3.43"]
[White "Vinogradov, Roman"]
[Black "Ghaznavi, Massoud"]
[Result "0-1"]
[WhiteElo "797"]
[BlackElo "1594"]
[PlyCount "72"]
[EventDate "2022.??.??"]
[WhiteTeam "SV Walldorf"]
[BlackTeam "SV Oberursel"]

1. e4 d6 2. d4 e6 3. Nf3 Bd7 4. Bc4 Be7 5. Nc3 c6 6. Be3 d5 7. Bb3 Bb4 8. Qd3
h6 9. e5 Ne7 10. O-O Nf5 11. Bd2 Ba5 12. Na4 Bc7 13. Bb4 b6 14. c3 Bc8 15. Rfe1
a5 16. Ba3 Ba6 17. Qd2 Nd7 18. Bc2 g6 19. Rab1 Bb5 20. b3 Ba6 21. h3 b5 22. Nb2
Rb8 23. Nd3 Bb6 24. Bd6 Nxd6 25. exd6 Nf6 26. Nc5 Bc8 27. Qf4 Nh5 28. Qe5 O-O
29. g4 Ng7 30. Kh2 Bxc5 31. dxc5 Bd7 32. Re3 Re8 33. h4 f6 34. Qg3 f5 35. Kh3
fxg4+ 36. Qxg4 e5 0-1

[Event "Sparkassen-Open B"]
[Site "Heusenstamm, Martinsee"]
[Date "2022.11.18"]
[Round "3.44"]
[White "Spiegel, Nina"]
[Black "Zhang, Taihao"]
[Result "1-0"]
[WhiteElo "1539"]
[BlackElo "1152"]
[PlyCount "63"]
[EventDate "2022.??.??"]
[WhiteTeam "Sfr Stiller Zug Wiesbaden"]
[BlackTeam "vereinslos"]

1. c4 c5 2. g3 Nc6 3. Bg2 e6 4. Nc3 g6 5. e4 Bg7 6. Nge2 Nge7 7. d3 O-O 8. O-O
d6 9. Rb1 a6 10. a3 Qc7 11. Be3 Bd7 12. b4 Ne5 13. h3 b5 14. f4 cxb4 15. axb4
N5c6 16. cxb5 Nxb4 17. b6 Qc6 18. e5 Ned5 19. Rxb4 Nxe3 20. Bxc6 Nxd1 21. Bxa8
Nxc3 22. Nxc3 Rxa8 23. d4 dxe5 24. dxe5 Bf8 25. Rc4 a5 26. b7 Rb8 27. Rb1 Bb4
28. Rc7 Bxc3 29. Rxc3 Kf8 30. Rc7 Ke8 31. Rd1 Rd8 32. Rdxd7 1-0

[Event "Sparkassen-Open B"]
[Site "Heusenstamm, Martinsee"]
[Date "2022.11.18"]
[Round "3.45"]
[White "Gärtner, David"]
[Black "Griesche, Robby"]
[Result "0-1"]
[WhiteElo "1116"]
[BlackElo "1593"]
[PlyCount "102"]
[EventDate "2022.??.??"]
[WhiteTeam "Sfr.Mainz 1928"]
[BlackTeam "SV Worms 1878"]

1. d4 d5 2. c4 e6 3. Nf3 Nf6 4. g3 c6 5. Bg2 Nbd7 6. O-O dxc4 7. Qc2 Bd6 8.
Qxc4 Nb6 9. Qc2 O-O 10. Nbd2 Re8 11. Rd1 Qc7 12. b3 e5 13. dxe5 Bxe5 14. Rb1
Bd6 15. Re1 Nbd5 16. Bb2 Nb4 17. Qc4 Be6 18. Qh4 Be7 19. Ng5 Bf5 20. e4 Bg6 21.
a3 Nd3 22. Bxf6 Bxf6 23. Re3 Rad8 24. Qg4 Ne5 25. Qe2 h6 26. Ngf3 Qd7 27. Nxe5
Bxe5 28. Nc4 Bc7 29. f3 b5 30. Nb2 Bb6 31. Kh1 Bxe3 32. Qxe3 f6 33. h4 Qd2 34.
Qxd2 Rxd2 35. Nd1 f5 36. Nc3 Rc2 37. Nd1 fxe4 38. fxe4 Bxe4 39. Ne3 Bxg2+ 40.
Nxg2 Ree2 41. Nf4 Red2 42. a4 Rb2 43. Rc1 Rxb3 44. axb5 Rxb5 45. Ne6 a5 46. Nc5
Rdb2 47. Rc4 Ra2 48. Rc1 a4 49. Nd3 a3 50. Nc5 Rab2 51. Rc3 a2 0-1

[Event "Sparkassen-Open B"]
[Site "Heusenstamm, Martinsee"]
[Date "2022.11.18"]
[Round "3.48"]
[White "Göbel, Martin"]
[Black "Vick, Edward"]
[Result "1-0"]
[WhiteElo "1769"]
[BlackElo "1222"]
[PlyCount "81"]
[EventDate "2022.??.??"]
[WhiteTeam "SC Groß-Zimmern"]
[BlackTeam "TuS Makkabi Wiesbaden"]

1. e4 c5 2. Nf3 e6 3. Nc3 Nc6 4. Bb5 Nge7 5. O-O a6 6. Bxc6 Nxc6 7. d4 cxd4 8.
Nxd4 Qc7 9. Be3 Be7 10. Qd2 b5 11. Rad1 Bb7 12. f3 O-O 13. Nce2 Rad8 14. Bg5
Rfe8 15. Bxe7 Rxe7 16. Qg5 f6 17. Qg3 Qxg3 18. Nxg3 Nxd4 19. Rxd4 d5 20. exd5
Rxd5 21. Rfd1 Rc7 22. c3 Rc4 23. Ne2 Rcxd4 24. Rxd4 Kf7 25. Kf2 e5 26. Rxd5
Bxd5 27. b3 Ke6 28. Ke3 Kd6 29. Nc1 g5 30. g3 h5 31. Nd3 a5 32. f4 g4 33. Nf2
Bg2 34. Ne4+ Bxe4 35. Kxe4 exf4 36. Kxf4 a4 37. Kf5 Kc5 38. Kxf6 b4 39. cxb4+
Kxb4 40. bxa4 Kxa4 41. Kg5 1-0

[Event "Sparkassen-Open B"]
[Site "Heusenstamm, Martinsee"]
[Date "2022.11.18"]
[Round "3.49"]
[White "Reinhold, Günther"]
[Black "Hott, Arthur"]
[Result "1-0"]
[WhiteElo "1681"]
[BlackElo "1497"]
[PlyCount "41"]
[EventDate "2022.??.??"]
[WhiteTeam "Frankfurter TV 1860"]
[BlackTeam "SC Bad Soden"]

1. e4 c6 2. d4 d5 3. Nc3 dxe4 4. Nxe4 Bf5 5. Ng3 Bg6 6. h4 h5 7. Nf3 Nd7 8. Bd3
Bxd3 9. Qxd3 Ngf6 10. Bd2 e6 11. O-O-O Be7 12. Ne4 Nxe4 13. Qxe4 Nf6 14. Qe2
Qb6 15. Bg5 O-O-O 16. Ne5 Rdf8 17. Nxf7 Kd7 18. Nxh8 Rxh8 19. Rhe1 Re8 20.
Qxe6+ Kc7 21. Bxf6 1-0

[Event "Sparkassen-Open B"]
[Site "Heusenstamm, Martinsee"]
[Date "2022.11.18"]
[Round "3.50"]
[White "Vorsilka, Jiri"]
[Black "Haas, Vanessa"]
[Result "0-1"]
[WhiteElo "1492"]
[BlackElo "1666"]
[PlyCount "102"]
[EventDate "2022.??.??"]
[WhiteTeam "vereinslos"]
[BlackTeam "SC FK Babenhausen 1994"]

1. d4 d5 2. Nc3 c6 3. Bf4 e6 4. Nf3 Bd6 5. e3 Bxf4 6. exf4 Nf6 7. Ne5 O-O 8.
Bd3 Nbd7 9. O-O c5 10. Nxd7 Bxd7 11. dxc5 Qc7 12. Qf3 Qxc5 13. Rfe1 Qd6 14. g4
g6 15. g5 Nh5 16. f5 Qf4 17. Qxf4 Nxf4 18. fxg6 fxg6 19. Re5 Nh3+ 20. Kg2 Nxf2
21. Bb5 Ng4 22. Re2 Bc8 23. h3 d4 24. hxg4 dxc3 25. bxc3 a6 26. Bc4 Rf4 27.
Bxe6+ Bxe6 28. Rxe6 Rxg4+ 29. Kf3 Rxg5 30. Re7 Rf5+ 31. Ke4 Rf7 32. Rxf7 Kxf7
33. Kd5 Rc8 34. Rf1+ Ke7 35. Rf3 Rd8+ 36. Kc4 Rd2 37. Kb3 h5 38. c4 Rd4 39. Kc3
Rg4 40. a4 h4 41. Kb4 Rg3 42. Rf4 g5 43. Re4+ Kd7 44. Kc5 h3 45. Re1 h2 46. Rh1
Rg2 47. Kb6 g4 48. Kxb7 g3 49. c5 Rxc2 50. Rd1+ Ke7 51. c6 g2 0-1

[Event "Sparkassen-Open B"]
[Site "Heusenstamm, Martinsee"]
[Date "2022.11.18"]
[Round "3.51"]
[White "Traut, Stefan"]
[Black "Niesel, Markus"]
[Result "1-0"]
[WhiteElo "1581"]
[BlackElo "1245"]
[PlyCount "57"]
[EventDate "2022.??.??"]
[WhiteTeam "SF Heusenstamm"]
[BlackTeam "SV 1934 Ffm-Griesheim"]

1. d4 d5 2. Nf3 Nc6 3. g3 Bf5 4. Bg2 e6 5. O-O Nb4 6. Na3 Nf6 7. c3 Nc6 8. Bf4
a6 9. Rc1 Bxa3 10. bxa3 O-O 11. c4 Rc8 12. cxd5 Nxd5 13. Qd2 Qe7 14. a4 Qa3 15.
Rc4 Nb6 16. Rc3 Qxa4 17. Nh4 Nd5 18. Bxd5 exd5 19. Nxf5 Rfe8 20. Nxg7 Kxg7 21.
Bh6+ Kf6 22. Qg5+ Ke6 23. Re3+ Kd7 24. Qf5+ Kd8 25. Bg5+ Ne7 26. Bxe7+ Rxe7 27.
Rxe7 Kxe7 28. Qxc8 Qc6 29. Qf5 1-0

[Event "Sparkassen-Open B"]
[Site "Heusenstamm, Martinsee"]
[Date "2022.11.18"]
[Round "3.52"]
[White "Alt, Johannes"]
[Black "Heidtkamp, Anna"]
[Result "1-0"]
[WhiteElo "1433"]
[BlackElo "1157"]
[PlyCount "75"]
[EventDate "2022.??.??"]
[WhiteTeam "Sfr.Heidesheim"]
[BlackTeam "Düsseldorfer SV 1854"]

1. d4 d5 2. Nf3 Nf6 3. Bf4 e6 4. e3 Be7 5. c4 O-O 6. Nc3 Nbd7 7. cxd5 exd5 8.
Bd3 b6 9. O-O Bb7 10. h3 c5 11. Re1 Ne4 12. Nd2 f5 13. Nb5 Rf6 14. Nxe4 fxe4
15. Be2 c4 16. Bg4 h6 17. a3 Kf7 18. b3 a6 19. Nc3 b5 20. bxc4 bxc4 21. Qb1 Bc6
22. Be5 Nxe5 23. dxe5 Rb8 24. Qd1 Rg6 25. Bh5 Rb3 26. Bxg6+ Kxg6 27. Qg4+ Kh7
28. Ne2 c3 29. Nd4 Bd7 30. e6 Ba4 31. Nxb3 Bxb3 32. Qf5+ Kh8 33. Rac1 c2 34.
Re2 Bxa3 35. Rcxc2 Bxc2 36. Rxc2 a5 37. e7 Qxe7 38. Rc8+ 1-0

[Event "Sparkassen-Open B"]
[Site "Heusenstamm, Martinsee"]
[Date "2022.11.18"]
[Round "3.53"]
[White "Tobias, Christian"]
[Black "Fritsch, Reinhold"]
[Result "0-1"]
[WhiteElo "1434"]
[BlackElo "1567"]
[PlyCount "68"]
[EventDate "2022.??.??"]
[WhiteTeam "SV Oberursel"]
[BlackTeam "SC Somborn 1933"]

1. e4 d6 2. d4 g6 3. Nf3 Bg7 4. Be2 Nf6 5. Nc3 O-O 6. O-O Nbd7 7. h3 a6 8. Be3
e5 9. Qd2 c5 10. d5 b5 11. a3 c4 12. Bh6 Nc5 13. Bxg7 Kxg7 14. Qe3 Nh5 15. Nxe5
dxe5 16. Qxc5 Qg5 17. Bxh5 gxh5 18. Qe3 Qe7 19. f4 f5 20. Qg3+ Kh8 21. fxe5 Rg8
22. Qf4 fxe4 23. Qf6+ Qxf6 24. Rxf6 Bxh3 25. Rf2 e3 26. Re2 Rg3 27. Ne4 Rg6 28.
Rf1 Rag8 29. Nf6 Rxg2+ 30. Rxg2 Rxg2+ 31. Kh1 e2 32. Re1 Rf2 33. Rxe2 Rxe2 34.
e6 Bxe6 0-1

[Event "Sparkassen-Open B"]
[Site "Heusenstamm, Martinsee"]
[Date "2022.11.18"]
[Round "3.54"]
[White "Leichum, Engelbert"]
[Black "Scheerer, Amelie"]
[Result "0-1"]
[WhiteElo "1559"]
[BlackElo "1158"]
[PlyCount "58"]
[EventDate "2022.??.??"]
[WhiteTeam "vereinslos"]
[BlackTeam "SV 1934 Ffm-Griesheim"]

1. e4 e5 2. d4 exd4 3. c3 d5 4. exd5 Qxd5 5. Nf3 Nc6 6. b3 Bg4 7. Bc4 Qe4+ 8.
Be2 O-O-O 9. Nbd2 Qe8 10. cxd4 Nxd4 11. Nxd4 Rxd4 12. f3 Bf5 13. O-O Bb4 14. a3
Bc3 15. Ra2 Bb1 16. Rc2 Bxc2 17. Qxc2 Bxd2 18. Bxd2 Qxe2 19. Rc1 c6 20. Qf5+
Qe6 21. Qg5 Qf6 22. Qe3 Qd8 23. Ba5 Rd1+ 24. Rxd1 Qxd1+ 25. Kf2 Qc2+ 26. Kg3 b6
27. Qe8+ Kb7 28. Qxf7+ Ka6 29. Be1 Qg6+ 0-1

[Event "Sparkassen-Open B"]
[Site "Heusenstamm, Martinsee"]
[Date "2022.11.18"]
[Round "3.55"]
[White "Hofmann, André"]
[Black "Martens, Marcus"]
[Result "1/2-1/2"]
[WhiteElo "1254"]
[BlackElo "1559"]
[PlyCount "145"]
[EventDate "2022.??.??"]
[WhiteTeam "Düsseldorfer SV 1854"]
[BlackTeam "Sfr Stiller Zug Wiesbaden"]

1. d4 d5 2. Bf4 c6 3. Nf3 Nf6 4. e3 Bg4 5. Nbd2 e6 6. c3 Bd6 7. Bxd6 Qxd6 8. h3
Bf5 9. Ne5 Nbd7 10. Nxd7 Nxd7 11. g4 Bg6 12. Nf3 e5 13. dxe5 Nxe5 14. Nxe5 Qxe5
15. Qd4 Qe4 16. Qxg7 O-O-O 17. Rg1 Qc2 18. Qd4 Qxb2 19. Rd1 Qxa2 20. Bd3 Rhe8
21. Rd2 Qa5 22. Ke2 c5 23. Qf6 Re6 24. Bf5 Qa6+ 25. Kf3 Bxf5 26. Qxf5 Qc6 27.
Kg3 Qd6+ 28. Kg2 Rd7 29. Qxh7 Qe5 30. Rc1 Rg6 31. Qh4 f5 32. Qg3 Qe4+ 33. Qf3
fxg4 34. Qxe4 gxh3+ 35. Kxh3 dxe4 36. Rxd7 Kxd7 37. Kh4 Kc6 38. c4 a5 39. Ra1
b6 40. Ra2 Kd6 41. Rb2 Kc6 42. Ra2 Rg1 43. Ra4 Rb1 44. Ra2 Rb4 45. Rc2 a4 46.
Kg4 a3 47. Kf4 Rb2 48. Rc3 a2 49. Ra3 Rxf2+ 50. Kxe4 Rd2 51. Kf3 Rc2 52. Ra4
Rxc4 53. Rxa2 Kd5 54. Rb2 Rb4 55. Rxb4 cxb4 56. Ke2 Kc4 57. Kd2 Kb3 58. e4 Ka2
59. e5 b3 60. e6 b2 61. e7 b1=Q 62. e8=Q Qb2+ 63. Kd1 Qb3+ 64. Kd2 Qd5+ 65. Kc2
Qc5+ 66. Kd2 Qb4+ 67. Kc2 Qb3+ 68. Kd2 Qd5+ 69. Kc2 Qf5+ 70. Kd1 Qf1+ 71. Kd2
Qf2+ 72. Kd1 Qf3+ 73. Kd2 1/2-1/2